Marques automobiles par images en gros plan #2 - Statistiques

Statistiques générales
  • Ce quiz a été pris 140 fois
  • Le résultat moyen est 11 sur 16
Statistiques - réponses
Par images Réponse % Correct
Ferrari
100%
Peugeot
100%
Mini
95%
Lexus
90%
Mazda
88%
Mitsubishi
81%
Cadillac
78%
Dacia
78%
Volkswagen
78%
Volvo
75%
Lancia
68%
Lotus
68%
BMW
66%
Hummer
23%
Ssangyong
16%
Lada
14%
Aucun quiz correspondant
Distribution des résultats
% des personnes avec chaque résultat
Percentile par nombre de réponses
Votre historique - résultats
Vous n’avez pas pris ce quiz